| 000 | 00482nam a2200193 a 4500 | ||
|---|---|---|---|
| 001 | 2599 | ||
| 003 | CO-ViMGA | ||
| 008 | 141112s2004 ck r 000 u spa d | ||
| 040 |
_aCO-ViMGA _bspa _cCO-ViMGA |
||
| 082 | 0 | 4 | _a616.42 O773 |
| 100 | 1 |
_aOrrego, Arturo _951591 |
|
| 245 | 1 | 0 | _aEndocrinologĂa |
| 250 | _a4a | ||
| 260 |
_aMedellin : _bFondo editorial CIB, _c1991 |
||
| 300 | _a756 p : il | ||
| 490 | _aFundamentos de medicina | ||
| 650 | 1 | 4 | _aENDOCRINOLOGIA |
| 942 |
_2ddc _cBK |
||
| 999 |
_c14675 _d14675 |
||